000 00866pam a2200265 i 4500
001 1826323
005 20160709115433.0
008 800506r1980 nyu b 001 0 eng
010 _a 80015569
020 _a0446977322 :
_c$5.95 ($6.95 Can)
040 _aDLC
_cDLC
_dDLC
050 1 0 _aLC4704
_b.O83 1980
082 0 0 _a371.9
100 1 _aOsman, Betty B.
245 1 0 _aLearning disabilities :
_ba family affair /
_cBetty B. Osman.
250 _aWarner Books ed.
260 _aNew York :
_bWarner Books,
_c[1980] c1979.
300 _aviii, 224 p. ;
_c21 cm.
500 _aReprint of the ed. published by Random House, New York.
500 _aIncludes index.
504 _aBibliography: p. [159]-166.
650 0 _aLearning disabilities.
906 _a7
_bcbc
_corignew
_d1
_eocip
_f19
_gy-gencatlg
942 _2lcc
_cBOOKS
_hLC 4707 .O83 1980
999 _c11487
_d11487